Gandhi (Record no. 34827)

MARC details
000 -LEADER
fixed length control field 02893nam a22003977a 4500
003 - CONTROL NUMBER IDENTIFIER
control field dpl
005 - DATE AND TIME OF LATEST TRANSACTION
control field 20100322150940.0
007 - PHYSICAL DESCRIPTION FIXED FIELD--GENERAL INFORMATION
fixed length control field DVD
008 - FIXED-LENGTH DATA ELEMENTS--GENERAL INFORMATION
fixed length control field 050907s2005 cau105 g 00| 0 eng d
010 ## - LIBRARY OF CONGRESS CONTROL NUMBER
LC control number DVD-007184-7192
024 ## - OTHER STANDARD IDENTIFIER
Terms of availability 199.00
035 ## - SYSTEM CONTROL NUMBER
System control number DVD-007184-7192
040 ## - CATALOGING SOURCE
Original cataloging agency DPL
Transcribing agency DPL
092 ## - LOCALLY ASSIGNED DEWEY CALL NUMBER (OCLC)
Classification number DVD GAND
245 ## - TITLE STATEMENT
Title Gandhi
Medium [videorecording] DVD /
Statement of responsibility, etc Diskovery Video & laser Co. Pvt. Ltd. Presents
260 ## - PUBLICATION, DISTRIBUTION, ETC. (IMPRINT)
Name of publisher, distributor, etc Diskovery Video
300 ## - PHYSICAL DESCRIPTION
Extent 3 videocassette (VCD);
Other physical details sd., col. ;
Dimensions 4-3/4 in.
Type of unit VCD
440 ## - SERIES STATEMENT/ADDED ENTRY--TITLE
Title Diskovery Video
500 ## - GENERAL NOTE
General note 8 Academy Awards Winner including the Best Picture "1982"
538 ## - SYSTEM DETAILS NOTE
System details note Dolby digital 5.1, English
538 ## - SYSTEM DETAILS NOTE
System details note This is a Videio CD with digital audio, full Motion video and Play Back Controls Suitable for Video CD, LD, DVD Player and Multimedia PCs with MPEG card.
650 ## - SUBJECT ADDED ENTRY--TOPICAL TERM
Topical term or geographic name as entry element Motion Picture
700 ## - ADDED ENTRY--PERSONAL NAME
Personal name Attenborough, Richard
700 ## - ADDED ENTRY--PERSONAL NAME
Personal name Kingsley, Ben
942 ## - ADDED ENTRY ELEMENTS (KOHA)
Koha item type CD-ROMs, DVDs, VHS
Source of classification or shelving scheme Dewey Decimal Classification
Classification part DVD
Call number suffix GAND
Holdings
Withdrawn status Lost status Source of classification or shelving scheme Damaged status Not for loan Home library Current library Date acquired Source of acquisition Cost, normal purchase price Total Checkouts Full call number Barcode Date last seen Date checked out Copy number Cost, replacement price Price effective from Koha item type Total Renewals
    Dewey Decimal Classification     Central Library Central Library 22/03/2010 Pioneers/1111/30-12-09/325/13-10-09 /30-12-09 199.00 15 DVD GAND DVD-007184 19/02/2013 05/02/2013 1 199.00 22/03/2010 CD-ROMs, DVDs, VHS  
    Dewey Decimal Classification     Janak Puri Janak Puri 22/03/2010 Pioneers/1111/30-12-09/325/13-10-09 /30-12-09 199.00 12 DVD GAND DVD-007186 07/04/2014 08/03/2014 1 199.00 22/03/2010 CD-ROMs, DVDs, VHS 2
    Dewey Decimal Classification     Karol Bagh Karol Bagh 22/03/2010 Pioneers/1111/30-12-09/325/13-10-09 /30-12-09 199.00 3 DVD GAND DVD-007190 05/10/2013 03/10/2013 1 199.00 22/03/2010 CD-ROMs, DVDs, VHS 1
    Dewey Decimal Classification     Narela Narela 22/03/2010 Pioneers/1111/30-12-09/325/13-10-09 /30-12-09 199.00 3 DVD GAND DVD-007191 03/08/2013 19/07/2013 1 199.00 22/03/2010 CD-ROMs, DVDs, VHS  
    Dewey Decimal Classification     Patel Nagar Patel Nagar 22/03/2010 Pioneers/1111/30-12-09/325/13-10-09 /30-12-09 199.00 6 DVD GAND DVD-007185 19/08/2013 19/07/2013 1 199.00 22/03/2010 CD-ROMs, DVDs, VHS 1
    Dewey Decimal Classification     R.K.Puram-8 R.K.Puram-8 22/03/2010 Pioneers/1111/30-12-09/325/13-10-09 /30-12-09 199.00 2 DVD GAND DVD-007188 18/04/2011 13/04/2011 1 199.00 22/03/2010 CD-ROMs, DVDs, VHS  
    Dewey Decimal Classification     Sarojini Nagar Sarojini Nagar 22/03/2010 Pioneers/1111/30-12-09/325/13-10-09 /30-12-09 199.00 9 DVD GAND DVD-007187 26/06/2012 22/06/2012 1 199.00 22/03/2010 CD-ROMs, DVDs, VHS  
    Dewey Decimal Classification     Shahdara Branch Shahdara Branch 22/03/2010 Pioneers/1111/30-12-09/325/13-10-09 /30-12-09 199.00   DVD GAND DVD-007192 22/03/2010   1 199.00 22/03/2010 CD-ROMs, DVDs, VHS  
    Dewey Decimal Classification     Vinoba Puri Vinoba Puri 22/03/2010 Pioneers/1111/30-12-09/325/13-10-09 /30-12-09 199.00 7 DVD GAND DVD-007189 10/09/2013 27/08/2013 1 199.00 22/03/2010 CD-ROMs, DVDs, VHS  

© Delhi Public Library
Hit Counter
free hit counter